Welcome to the Holygrace Academy Library

Please use search bar below to get started

THUS WE HEARED RECOLLECTIONS OF THE LIFE OF THE BUDDHA (Record no. 5251)

MARC details
000 -LEADER
fixed length control field 00344nam a22001337a 4500
082 ## - DEWEY DECIMAL CLASSIFICATION NUMBER
Classification number 200
Item number PIY/T
100 ## - MAIN ENTRY--AUTHOR NAME
Personal name PIYANANDA, BHANTE WALPOLA
100 ## - MAIN ENTRY--AUTHOR NAME
Personal name LONG, STEPHEN
245 ## - TITLE STATEMENT
Title THUS WE HEARED RECOLLECTIONS OF THE LIFE OF THE BUDDHA
260 ## - PUBLICATION, DISTRIBUTION, ETC. (IMPRINT)
Place of publication LOS ANGELES
Name of publisher METTA
Year of publication 2010
300 ## - PHYSICAL DESCRIPTION
Number of Pages 546
650 ## - SUBJECT ADDED ENTRY--TOPICAL TERM
Topical Term RELIGIOUS
Geographic subdivision UNITED STATES
942 ## - ADDED ENTRY ELEMENTS (KOHA)
Koha item type Books
Holdings
Withdrawn status Lost status Collection code Home library Current library Shelving location Date acquired Source of acquisition Full call number Accession Number Koha item type
    Non-fiction Main Library Main Library SHELF 15 C-RELIGIOUS 14/07/2016 purchase 200 PIY/T 04327 Books